[Event "Maranhense-ch"]
[Site "Sao Luis"]
[Date "2012.06.08"]
[Round "3"]
[White "Nascimento, Magno Marcio Ferrei"]
[Black "Guara Neto, Argemiro Braga"]
[Result "0-1"]
[WhiteElo "1790"]
[BlackElo "2063"]
[PlyCount "74"]
[EventDate "2012.06.07"]
[EventType "swiss"]
[EventRounds "7"]
[EventCountry "BRA"]
[SourceTitle "EXT 2022"]
[Source "ChessBase"]
[SourceDate "2021.10.06"]
[SourceVersion "1"]
[SourceVersionDate "2021.10.06"]
[SourceQuality "1"]

1. d4 d5 2. Nf3 g6 3. g3 Bg7 4. Bg2 Nf6 5. c3 Bg4 6. Nbd2 Nc6 7. Qb3 b6 8. Ne5 Na5 9. Qa4+ Bd7 10. Nxd7 Qxd7 11. Qxd7+ Kxd7 12. b4 Nb7 13. e4 dxe4 14. Nxe4 Nxe4 15. Bxe4 Rab8 16. a4 Nd6 17. Bg2 c5 18. Bf4 cxb4 19. cxb4 Bxd4 20. Rc1 e5 21. Bc6+ Ke6 22. Bh6 Nf5 23. Bd2 Rhd8 24. 0-0 Rbc8 25. b5 Ne7 26. Bb4 Nxc6 27. bxc6 Rd5 28. Rc4 Bc5 29. Rfc1 Rxc6 30. a5 f5 31. Kg2 Rd4 32. axb6 axb6 33. Rxd4 exd4 34. Kf3 Kd5 35. Bd2 b5 36. Rb1 b4 37. Bxb4 Rb6 0-1